LEADER 01051nam--2200349---450- 001 990002257800203316 005 20090423151607.0 035 $a000225780 035 $aUSA01000225780 035 $a(ALEPH)000225780USA01 035 $a000225780 100 $a20041210d1967----km-y0itay0103----ba 101 0 $aita 102 $aIT 105 $a||||||||001yy 200 1 $a<> pane e il resto le scelte dell'uomo contemporaneo$fDonato Martinacci$gprefazione di aldo Garosci 210 $aRocca San Casciano$cCappelli$d1967 215 $a176 p.$d24 cm 410 0$12001 454 1$12001 461 1$1001-------$12001 700 1$aMARTINACCI,$bDonato$0570133 702 1$aGAROSCI,$bAldo 801 0$aIT$bsalbc$gISBD 912 $a990002257800203316 951 $aII.1.D. 4829 (ISP V 64)$b34674 E.C.$cISP V$d00189965 959 $aBK 969 $aECO 979 $aSIAV3$b10$c20041210$lUSA01$h1455 979 $aRSIAV1$b90$c20090423$lUSA01$h1516 996 $aPane e il resto le scelte dell'uomo contemporaneo$91066377 997 $aUNISA LEADER 01032nam2 22002653i 450 001 VAN00257548 005 20240806101451.377 010 $a88-13-16155-7 100 $a20230427d1992 |0itac50 ba 101 $aita 102 $aIT 105 $a|||| ||||| 200 0 $a3 215 $aPadova$cCedam, 1992. -1211-1832 p.$d24 cm 300 $aRiproduzione facsimilare dell'edizione: Padova : La litotipo, 1914 461 1$1001VAN00257545$12001 $aCorso di diritto amministrativo$fFederico Cammeo$1210 $aPadova$cCedam$1215 $avolumi$d24 cm$v3 620 $dPadova$3VANL000007 700 1$aCammeo$bFederico$3VANV036352$0231090 712 $aCEDAM $3VANV111515$4650 801 $aIT$bSOL$c20250131$gRICA 899 $aBIBLIOTECA DEL DIPARTIMENTO DI GIURISPRUDENZA$1IT-CE0105$2VAN00 912 $aVAN00257548 950 $aBIBLIOTECA DEL DIPARTIMENTO DI GIURISPRUDENZA$d00CONS IV.Ca.133 3 $e00UBG253 20230428 $sBuono 996 $a3$94209464 997 $aUNICAMPANIA